000 00740nam a2200241 4500
001 111573
003 ES-MaACL
005 20250807232516.0
007 t|
008 061121s1986 sp r ||||1| spa d
020 _a8486072387
100 1 _aIstarú, Ana.
_965604
245 1 3 _aLa estación de la fiebre /
_cAna Istarú ; presentación de Carmen Naranjo.
250 _a1ª ed.
260 _aMadrid :
_bTorremozas,
_c1986.
300 _a70 p. ;
_c17 cm.
490 1 _aColección Torremozas de poesía de mujeres ;
_v28
700 1 _aNaranjo, Carmen.
_984921
830 0 0 _aColección Torremozas de poesía de mujeres
_v28
_9177494
852 _aES-MaACL
_jL-11494
_bR.112041
942 _2udc
999 _c111573
_d111573